000
00298nam a2200121Ia 4500
008
190216s9999||||xx |||||||||||||| ||und||
100
_a
Sardar Panikkar.K.M
245
0
_a
Dhoomaketuvinte Udayam
260
_b
Poorna Pubs Kozhikode
_c
1929
300
_a
210
650
_a
Malayalam Novel
942
_c
BK
999
_c
27037
_d
27037